01600cam a2200421 i 4500999001900000001000900019003000500028005001700033008004100050010001700091020001800108025002300126037006100149038002100210040002300231042001000254043002100264050002400285082002400309100004700333245007600380264007200456300005200528336002600580337002800606338002700634504004100661546002100702650003900723651004400762651004000806651003800846651003800884710008500922906004501007942001201052952011401064 c533030d53303019108979NUST20191210160123.0160526s2016 pk ab b 000 0deng  a 2016349370 a9789698535360 aP-E-2016349370; 34 bLibrary of Congress -- Islamabad Overseas OfficecRs 800 aMuhammad Ibrahim aDLCbengcDLCerda alcode aa-cc---aa-pk---00aHC427.95b.J38 2016 a327.51054bHAS 20161 aHasan Javed, Syed ,d1955-eauthor.92671310aRise of China and the Asian century /cAmbassador (R) Syed Hasan Javed. 1aIslamabad :bNational University of Sciences and Technology,c2016. a200 pages :bcolor illustrations, maps ;c23 cm atextbtxt2rdacontent aunmediatedbn2rdamedia avolumebnc2rdacarrier aIncludes bibliographical references. aSome in Chinese. 0aEconomic developmentzChina.95068 0aChinaxEconomic conditionsy2000-95069 0aChinaxEconomic policyy2000-95070 0aPakistanxRelationszChina.95071 0aChinaxRelationszPakistan.950722 aNational University of Sciences and Technology (Islāmābād, Pakistan)94252 a7bcbccorigoded3encipf20gy-gencatlg 2ddccBK 00102ddc4070aCIPSbCIPScGENd2019-12-10l0o327.51054 HAS 2016pCIPSD0000570r2019-12-10w2019-12-10yBK